| 000 | 01195cab a2200229 4500 | ||
|---|---|---|---|
| 001 | ##L136599 | ||
| 008 | 070212n2007 000 0 eng u | ||
| 035 | _a(Sirsi) u136599 | ||
| 041 | 0 | _aeng | |
| 110 | 2 |
_aConstruction Industry Research and Information Association _94810 |
|
| 245 | 0 | 0 |
_aCIRIA to update CDM guidance for designers _h[electronic resource] |
| 260 | _c2007 | ||
| 490 | 0 |
_aCIRIA News _v7 February 2007 |
|
| 520 | _aAnnounces the development of new guidance from CIRIA in response to the revised Construction (Design and Management) Regulations, due to come into force on 7 April 2007. CIRIA is updating its "Construction work sector guidance for designers" and preparing new guidance, "Workplace in use guidance for designers". The guidance should be available early April. | ||
| 590 | _aKA | ||
| 650 | 2 | 4 | _aCONSTRUCTION (DESIGN AND MANAGEMENT) REGULATIONS 1994 |
| 650 | 2 | 4 | _aCONSTRUCTION (HEALTH, SAFETY AND WELFARE) REGULATIONS 1996 |
| 651 | 4 | _aGREAT BRITAIN | |
| 690 | _aBUILT ENVIRONMENT-CONSTRUCTION MANAGEMENT-CONSTRUCTION DESIGN AND MANAGEMENT | ||
| 856 | 4 | 0 |
_uhttps://www.ciria.org.uk/con140.htm _zView the item free of charge at www.ciria.org.uk... |
| 942 | _n0 | ||
| 999 |
_c78364 _d78364 |
||